| 000 | 00982nam a2200265 a 4500 | ||
|---|---|---|---|
| 001 | 000014938 | ||
| 005 | 20200929163928.0 | ||
| 008 | 100127s2005 dr 000 0 spa d | ||
| 020 | _a9993477737 | ||
| 040 |
_aDO-SdBNP _bspa _cBNPHU |
||
| 082 |
_axxx _bG993a |
||
| 100 | 1 |
_aGuzmán Fernández, Francisco R. _d1977- _933810 |
|
| 245 | 1 | 0 |
_aArte, modernidad y humanismo / _cFrancisco R. Guzmán Fernández;Prólogo Jesús Tellerías Castillo. |
| 260 |
_aSanto Domingo : _bUniversitaria, _c2005. |
||
| 300 |
_a100 p. ; _c21 cm. |
||
| 490 | 1 |
_aUniversidad Autónoma de Santo Domingo _v1118 |
|
| 490 | 1 |
_aCultura y Sociedad _v11 |
|
| 504 | _aIncluye referencias bibliográficas (p.97-100) | ||
| 500 | _aIncluye datos biográficos del autor en la contracubierta | ||
| 590 | _aInventariado, 2018/VM | ||
| 700 | 1 |
_aTallerías Castillo, Jesús _933811 |
|
| 830 | 0 |
_aUniversidad Autónoma de Santo Domingo _v1118 _917164 |
|
| 830 | 0 |
_aCultura y Sociedad _v11 _953 |
|
| 049 | _aEn proceso | ||
| 999 |
_c14518 _d14518 |
||